00000000nam##2200000za#4500
0019.606501
003CaOODSP
00520210624212646
007cr |||||||||||
008150406|1986||||xxc|||||o    f|0| 0 fre|d
022 |a1488-545X
040 |aCaOODSP|bfre
043 |an-cn---
0861 |aFs97-6/1540F-PDF
1101 |aCanada. |bMinistère des pêches et des océans.
24510|aAnalyse de la qualité de l'eau de rivières de la côte-Nord du golfe St-Laurent en relation avec les processus d'acidification / |h[ressource électronique]|c[par] G. Walsh et Y. Vigneault.
260 |aQuébec - Québec : |bPêches et Océans Canada |c1986.
300 |a132p.|bfigures, références, tableaux
4901 |aRapport technique canadien des sciences halieutiques et aquatiques|x1488-545X|vN° 1540
500 |aSur la p. de t. : Direction de la recherche sur les pêches, Cap Diamant, Québec (Québec). Le n° de catalogue et l'ISSN de l'édition imprimée apparaissent dans cette version électronique.
546 |a(Abstract in English).
590 |a14-02-Supp|b2014-01-08
7201 |aVigneault, Y.
7201 |aWalsh, G.
830#0|aRapport technique canadien des sciences halieutiques et aquatiques,|x1488-545X|vN° 1540|w(CaOODSP)9.500867
85640|ahttp://publications.gc.ca|qPDF|s3799 Ko|uhttps://publications.gc.ca/collections/collection_2013/mpo-dfo/Fs97-6-1540-fra.pdf|yN° 1540